|
|
|
|
| LEADER |
01455nam a22002897a 4500 |
| 001 |
37559 |
| 003 |
BD-DhAAL |
| 005 |
20250622113150.0 |
| 008 |
211114t2018 ii a|||| |||| 001 0 ben d |
| 020 |
|
|
|a 9788129519771
|
| 040 |
|
|
|a BD-DhAAL
|d BD-DhAAL
|
| 041 |
|
|
|a ben
|
| 082 |
|
|
|a 954.14
|
| 100 |
|
|
|a রায়, নীহাররঞ্জন.
|9 42602
|
| 245 |
|
|
|a বাঙ্গালীর ইতিহাস :
|b আদি পর্ব /
|c নীহাররঞ্জন রায়.
|
| 246 |
|
|
|a Bangaleer itihas :
|b aadi parba
|
| 250 |
|
|
|a পঞ্চদশ সংস্করন.
|
| 260 |
|
|
|a কলকাতা :
|b দে'জ পাবলিশিং,
|c ২০১৮.
|
| 300 |
|
|
|a ৯৬৮ পৃষ্ঠা :
|b চিত্র ;
|c ২২ সে.মি.
|
| 504 |
|
|
|a তথ্য নির্দেশ ও নিঘন্ট অন্তভুক্ত
|
| 526 |
|
|
|a Research project title " Shalish : A traditional dispute settlement mechanism within the formal legal framework" (SOL)
project duration January to June 2021
|
| 541 |
|
|
|a Complimentary copy from "Shalish" (SOL)
|e 37559
|
| 650 |
|
|
|a Bengal (India)
|x History.
|9 42604
|
| 852 |
|
|
|a Ayesha Abed Library
|c General Stacks
|
| 942 |
|
|
|2 ddc
|c BK
|
| 999 |
|
|
|c 43325
|d 43325
|
| 952 |
|
|
|0 0
|1 0
|2 ddc
|4 0
|6 954_140000000000000_ROY
|7 0
|9 69494
|a BRACUL
|b BRACUL
|c GEN
|d 2021-11-14
|e Complimentary copy from "Shalish" (SOL)
|g 800.00
|l 2
|m 8
|o 954.14 ROY
|p 3010037559
|r 2026-05-20
|s 2026-05-20
|t 1
|w 2021-11-14
|y BK
|